000 00738nam a2200253Ia 4500
003 OSt
005 20220926034836.0
006 a|||||r|||| 00| 0
007 ta
008 220923b |||||||| |||| 00| 0 eng d
020 _a1567202193
037 _cGeneral Book
040 _aRTL
_cRTL
_beng
041 _2eng
_aeng
082 _aX:8F.42.N9, N9
100 _aYamaji Hidetoshi
_9341275
245 0 _aJapanese style of business accounting
260 _aWestport
_bQuorum Books
_c1999
300 _aix. 268p Bibliography chapterwise
_ccm.
650 _aAccounts
700 _a Sunder Shyam Ed
_9341276
942 _hX:8F.42.N9, N9
_cGB
_2CC
999 _c660522
_d660522